Применение нерегулярных схем расположения скважин при добыче урана методом скважинного подземного выщелачивания; Проблемы геологии и освоения недр; Т. 2

Bibliografiska uppgifter
Parent link:Проблемы геологии и освоения недр: труды XXI Международного симпозиума имени академика М. А. Усова студентов и молодых ученых, посвященного 130-летию со дня рождения профессора М. И. Кучина, Томск, 3-7 апреля 2017 г./ Национальный исследовательский Томский политехнический университет (ТПУ), Институт природных ресурсов (ИПР) ; под ред. А. С. Боева.— , 2017
Т. 2.— 2017.— [С. 606-607]
Huvudupphovsman: Шрайнер А. Э.
Institutionell upphovsman: Национальный исследовательский ядерный университет "МИФИ" Северский технологический институт (СТИ)
Övriga upphovsmän: Носков М. Д. (научный руководитель)
Sammanfattning:Заглавие с экрана
Språk:ryska
Publicerad: 2017
Serie:Горное дело. Разработка рудных и нерудных полезных ископаемых
Ämnen:
Länkar:http://earchive.tpu.ru/handle/11683/44983
Materialtyp: MixedMaterials Elektronisk Bokavsnitt
KOHA link:https://koha.lib.tpu.ru/cgi-bin/koha/opac-detail.pl?biblionumber=625224

MARC

LEADER 00000naa2a2200000 4500
001 625224
005 20231101133343.0
035 |a (RuTPU)RU\TPU\conf\24484 
035 |a RU\TPU\conf\24479 
090 |a 625224 
100 |a 20171208d2017 k y0rusy50 ca 
101 0 |a rus 
102 |a RU 
105 |a y z 100zy 
135 |a drgn ---uucaa 
181 0 |a i  
182 0 |a b 
200 1 |a Применение нерегулярных схем расположения скважин при добыче урана методом скважинного подземного выщелачивания  |f А. Э. Шрайнер  |g науч. рук. М. Д. Носков 
203 |a Текст  |c электронный 
225 1 |a Горное дело. Разработка рудных и нерудных полезных ископаемых 
230 |a 1 компьютерный файл (pdf; 608 Kb) 
300 |a Заглавие с экрана 
320 |a [Библиогр.: с. 607 (4 назв.)] 
461 1 |0 (RuTPU)RU\TPU\conf\21932  |t Проблемы геологии и освоения недр  |o труды XXI Международного симпозиума имени академика М. А. Усова студентов и молодых ученых, посвященного 130-летию со дня рождения профессора М. И. Кучина, Томск, 3-7 апреля 2017 г.  |o в 2 т.  |f Национальный исследовательский Томский политехнический университет (ТПУ), Институт природных ресурсов (ИПР) ; под ред. А. С. Боева  |d 2017 
463 1 |0 (RuTPU)RU\TPU\conf\21938  |t Т. 2  |v [С. 606-607]  |d 2017 
610 1 |a электронный ресурс 
610 1 |a схемы 
610 1 |a скважины 
610 1 |a добыча 
610 1 |a уран 
610 1 |a скважинное выщелачивание 
610 1 |a подземное выщелачивание 
610 1 |a рудные тела 
700 1 |a Шрайнер  |b А. Э. 
702 1 |a Носков  |b М. Д.  |4 727 
712 0 2 |a Национальный исследовательский ядерный университет "МИФИ"  |b Северский технологический институт (СТИ)  |c (2009- )  |2 stltpush  |3 (RuTPU)RU\TPU\col\16394 
801 2 |a RU  |b 63413507  |c 20171212  |g RCR 
856 4 |u http://earchive.tpu.ru/handle/11683/44983 
942 |c BK